000
00318nam a2200121Ia 4500
008
191201s2013 xx 000 0 und d
100
_a
DESAI,Vasant
245
0
_a
Entrepreneurial Development Potential...
260
_a
N. delhi
_b
Himalaya Publication House
_c
2013
300
_a
555
650
_a
MBA
942
_2
ddc
_c
BK
_0
1
999
_c
6224
_d
6224